01129nam a2200253 a 450000100100000000500170001000800410002702000150006810000250008324501670010826000370027549000190031250000420033150000340037350000570040750400390046453401330050370000430063670000350067983000260071495201050074099900170084504000130086200001080120200929162308.0091012s2004 mx a 001 0 spa d a970651774X1 aPatler, Louis92609710aRompa las reglas! :blecciones irreverentes para triunfar en la nueva economía /cLouis Patler ; editor Rogelio Carvajal Dávila ; traductor Juan Carlos Jolly. aMéxico D.F., :bOceano,c2004.1 aPunto y aparte aIncluye notas al pie de las páginas aIncluye índice analístico aIncluye datos biográficos del autor en la (p. 281) aIncluye bibliografía (275 - 279) aTítulo original en inglésbCapstone Publishing Ltd, 1999tTilt! irreverent lessons for leading innovation in the new economy1 aCarvajal Dávila, Rogelioeed.9111921 aJolly, Juan Carlosetr.926098 1aPunto y aparte926099 001050718MOaGRbGRcCTd2009-10-12iLF1l0o p10801-10r2020-06-25w2020-06-25y1ZNo se presta c10550d10550 aDO-SdBNP